|
|
|
|
| LEADER |
00936nam a2200277 4500 |
| 001 |
DLU090090103 |
| 005 |
##20090526 |
| 040 |
# |
# |
|a DLU
|b vie
|
| 041 |
# |
# |
|a vie
|
| 044 |
# |
# |
|a vn
|
| 100 |
# |
# |
|a Đỗ Đức Hồng Hà,
|c ThS.
|
| 245 |
# |
# |
|a Phương hướng khắc phục những tồn tại, vướng mắc khi áp dụng tình tiết "Giết ông, bà, cha, mẹ, người nuôi dưỡng, thầy giáo, cô giáo của mình" /
|c Đỗ Đức Hồng Hà.
|
| 653 |
# |
# |
|a Bộ luật hình sự
|
| 653 |
# |
# |
|a Khắc phục
|
| 653 |
# |
# |
|a Phương pháp
|
| 653 |
# |
# |
|a Tội giết người
|
| 773 |
# |
# |
|t Tòa án nhân dân
|g Số 15, 2005, tr. 11-13
|
| 920 |
# |
# |
|a Phòng Tạp chí -- Trung tâm Thông tin - Thư viện Trường Đại học Đà Lạt
|
| 994 |
# |
# |
|a DLU
|
| 900 |
# |
# |
|a True
|
| 911 |
# |
# |
|a Nguyễn Thị Mai Anh
|
| 925 |
# |
# |
|a G
|
| 926 |
# |
# |
|a A
|
| 927 |
# |
# |
|a BB
|
| 980 |
# |
# |
|a Thư viện Trường Đại học Đà Lạt
|